Handbook of fish diseases

the book is on fish diseases. It introduces what ogranisms have infected fish and helped to find treatments for them. The various charts help narrow down all the possiblities of disease that a fish may have. Besides, this book to any fish hobbist that is interested in finding cures for the diseases...

Disgrifiad llawn

Wedi'i Gadw mewn:
Manylion Llyfryddiaeth
Prif Awdur: Axelrod, Herbert R.
Fformat: Llyfr
Iaith:Undetermined
Cyhoeddwyd: U.S.A. T.F.H. Publications 1989
Pynciau:
Tagiau: Ychwanegu Tag
Dim Tagiau, Byddwch y cyntaf i dagio'r cofnod hwn!
Thư viện lưu trữ: Trung tâm Học liệu Trường Đại học Cần Thơ
LEADER 00964nam a2200205Ia 4500
001 CTU_38837
008 210402s9999 xx 000 0 und d
082 |a 639.3 
082 |b A969 
100 |a Axelrod, Herbert R. 
245 0 |a Handbook of fish diseases 
245 0 |c Herbert R Axelrod ; Translated by Howard H. Hirschhorm ; Edited for the English-language market by Dr. Herbert R. Axelrod 
260 |a U.S.A. 
260 |b T.F.H. Publications 
260 |c 1989 
520 |a the book is on fish diseases. It introduces what ogranisms have infected fish and helped to find treatments for them. The various charts help narrow down all the possiblities of disease that a fish may have. Besides, this book to any fish hobbist that is interested in finding cures for the diseases that have effected their fish, beginners and advanced. 
650 |a Fishes 
650 |x Diseases 
904 |i Giang 
980 |a Trung tâm Học liệu Trường Đại học Cần Thơ